مكتبة جامعة عجلون الوطنية

فهرس بحث المكتبة

أثر استقلالية ديوان المحاسبة الأردني وفقا لمتطلبات المنظمة الدولية للأجهزة العليا للرقابة المالية والمحاسبية في تعزيز المساءلة والشفافية = The Impact of the Audit Bureau at Jordan independence in Accordance with the Requirements of the International Organization for Supreme Audit Institutions on Enhancing Accountability and Transparency / (Record no. 33408)

MARC details
000 -LEADER
fixed length control field 01216nam a22001937a 4500
003 - CONTROL NUMBER IDENTIFIER
control field JO-AjAnu
005 - DATE AND TIME OF LATEST TRANSACTION
control field 20240402124252.0
008 - FIXED-LENGTH DATA ELEMENTS--GENERAL INFORMATION
fixed length control field 240402b jo ||||| |||| 00| 0 ara d
040 ## - CATALOGING SOURCE
Original cataloging agency JO-AjAnu
Transcribing agency ANU
041 #1 - LANGUAGE CODE
Language code of original ara
100 #1 - MAIN ENTRY--PERSONAL NAME
Personal name الشخيبي، بلال عدنان
Relator term معد
9 (RLIN) 65264
245 #0 - TITLE STATEMENT
Title أثر استقلالية ديوان المحاسبة الأردني وفقا لمتطلبات المنظمة الدولية للأجهزة العليا للرقابة المالية والمحاسبية في تعزيز المساءلة والشفافية = The Impact of the Audit Bureau at Jordan independence in Accordance with the Requirements of the International Organization for Supreme Audit Institutions on Enhancing Accountability and Transparency /
Statement of responsibility, etc. اعداد بلال عدنان الشخيبي ؛ اشراف ليث عبد الله العريان
260 ## - PUBLICATION, DISTRIBUTION, ETC.
Date of publication, distribution, etc. 2023
300 ## - PHYSICAL DESCRIPTION
Extent 91 ورقة
500 ## - GENERAL NOTE
General note رسالة جامعية (ماجستير) تخصص المحاسبة / جامعة عجلون الوطنية
650 7# - SUBJECT ADDED ENTRY--TOPICAL TERM
Form subdivision الرقابة المالية-مراجعة الحسابات-الأردن
700 #1 - ADDED ENTRY--PERSONAL NAME
Personal name العريان، ليث عبدالله
9 (RLIN) 65104
Relator term مشرف
942 ## - ADDED ENTRY ELEMENTS (KOHA)
Source of classification or shelving scheme Library of Congress Classification
Koha item type Thesis
Suppress in OPAC No
Holdings
Withdrawn status Lost status Source of classification or shelving scheme Damaged status Not for loan Home library Current library Date acquired Total Checkouts Full call number Barcode Date last seen Price effective from Koha item type
    Library of Congress Classification     مكتبة جامعة عجلون الوطنية مكتبة جامعة عجلون الوطنية 02/04/2024   HF5667.2023 A29290 02/04/2024 02/04/2024 Thesis
    Library of Congress Classification     مكتبة جامعة عجلون الوطنية مكتبة جامعة عجلون الوطنية 02/04/2024   HF5667.2023 A29289 02/04/2024 02/04/2024 Thesis